| 000 | 00338 a2200097 4500 | ||
|---|---|---|---|
| 245 | 0 | 0 |
_aŹródła promieniowania elektromagnetycznego - Znaki ostrzegawcze PN74/T-06260 / _cMin. Przem. Maszynowego. |
| 246 | 1 | 3 | _aPN74/T-06260 |
| 246 | 1 | 3 | _a621.373.4:614.87 |
| 260 |
_aWarszawa : _bMin. Przem. Maszynowego, _c1974. |
||
| 300 |
_a2 stron ; _c30 cm. |
||
| 650 | _aPolska norma | ||
| 999 |
_c20011 _d20011 |
||